Music Quiz

Random Music or Song Quiz

Guitar Hero II Songs Quiz Stats

 Plays Quiz Updated Jul 10, 2019

Score 0/48 Timer 10:00
0 Plays Today
Year Song % Correct
1973Free Bird
71.7%
1976Carry On Wayward Son
62.9%
1987Sweet Child O' Mine
58%
1979Message in a Bottle
53.3%
1993Heart-Shaped Box
51.8%
1990Cherry Pie
50.4%
2006Woman
49.1%
2005Beast and the Harlot
48.4%
1997Monkey Wrench
47.2%
1973Jessica
46.6%
1988Mother
46.1%
1992Killing in the Name
44.7%
1981YYZ
42.7%
1978Surrender
39.3%
1970War Pigs
39.1%
1976Crazy on You
32.8%
1990Hangar 18
30.8%
1990John the Fisherman
29.9%
1983Shout at the Devil
29.4%
1978You Really Got Me
28.8%
1990Psychobilly Freakout
27.7%
1974Strutter
26.9%
2006Dead!
26.6%
1981Rock This Town
26.3%
Year Song % Correct
1991Girlfriend
25.3%
1990Stop
24.9%
1992Them Bones
24.4%
1962Misirlou
24.4%
2006Freya
22.7%
1983The Trooper
22.5%
1985Madhouse
22.3%
1971Can't You Hear Me Knockin
22%
1983Institutionalized
21.8%
2004Laid to Rest
20.9%
1977Last Child
19.5%
1977Bad Reputation
19.3%
1984Tonight I'm Gonna Rock You Tonight
19%
1993Who Was In My Room Last Night?
18.8%
1996Trippin' on a Hole in a Paper Heart
18.5%
1973Search and Destroy
18.2%
1968Hush
16.5%
1994Possum Kingdom
16.2%
2000Carry Me Home
14.7%
1973Billion Dollar Babies
13.1%
1970Rock and Roll Hoochie Koo
11%
1980Tattooed Love Boys
10.6%
2006Life Wasted
9.6%
1994Salvation
6.8%

You're not logged in!

Compare scores with friends on all Sporcle quizzes.
OR
Log In

Sporcle TV

Today on Sporcle TV


Watch our educational content, quiz creation guides, and fun videos on Sporcle TV.

Show Comments

Extras

Top Quizzes Today


Score Distribution

Your Account Isn't Verified!

In order to create a playlist on Sporcle, you need to verify the email address you used during registration. Go to your Sporcle Settings to finish the process.

Report this User

Report this user for behavior that violates our Community Guidelines.

Details: